|
|
|
|
| LEADER |
00930nam a2200349 4500 |
| 001 |
DLU100104177 |
| 005 |
##20100304 |
| 040 |
# |
# |
|a DLU
|b vie
|
| 041 |
# |
# |
|a vie
|
| 044 |
# |
# |
|a vn
|
| 082 |
# |
# |
|a 631.52
|b VU-H
|
| 100 |
# |
# |
|a Vũ Đình Hoà,
|c PGS.TS.
|
| 245 |
# |
# |
|a Giáo trình chọn giống cây trồng /
|c Vũ Đình Hoà, Nguyễn Văn Hoan, Vũ Văn Liết.
|
| 260 |
# |
# |
|a H. :
|b Nông nghiệp,
|c 2005.
|
| 300 |
# |
# |
|a 204 tr. :
|b minh hoạ ;
|c 27 cm.
|
| 504 |
# |
# |
|a Tài liệu tham khảo :tr.201.
|
| 653 |
# |
# |
|a Chọn giống
|
| 653 |
# |
# |
|a Giáo trình
|
| 653 |
# |
# |
|a Kỹ thuật nông nghiệp
|
| 700 |
# |
# |
|a Nguyễn Văn Hoan,
|c PGS.TS.
|
| 700 |
# |
# |
|a Vũ Văn Liết,
|c TS.
|
| 923 |
# |
# |
|a 01/2010
|
| 991 |
# |
# |
|a GT
|
| 992 |
# |
# |
|a 30000
|
| 994 |
# |
# |
|a DLU
|
| 900 |
# |
# |
|a True
|
| 911 |
# |
# |
|a Đào Thị Thu Huyền
|
| 925 |
# |
# |
|a G
|
| 926 |
# |
# |
|a A
|
| 927 |
# |
# |
|a SH
|
| 980 |
# |
# |
|a Thư viện Trường Đại học Đà Lạt
|